| 000 | 00649nam a2200121Ia 4500 | ||
|---|---|---|---|
| 008 | 171212s9999 xx 000 0 und d | ||
| 100 | _aJohnstone, Peggy Fitzhugh | ||
| 245 |
_cJohnstone, Peggy Fitzhugh _aTransformation of Rage _bMourning and Creativity in George Eliot's Fiction |
||
| 260 |
_bNew York University Press _c1994 |
||
| 650 | _aEliot, George, 1819–1880 -- Knowledge -- Psychology; Characters and characteristics in literture; Psychoanalysis and literature; Creativity in literature; Emotions in literature; Grief in literature; Anger in literature | ||
| 650 | _aLanguage & Literature | ||
| 856 | _uhttp://www.jstor.org/stable/j.ctt9qgbpx | ||
| 999 |
_c351571 _d351571 |
||